000 00284nam a22001217a 4500
008 181107b xxu||||| |||| 00| 0 eng d
041 _aeng
080 _22nd
_a316
100 _a50
101 _aSOC
245 _aFundamentals of Human Sexuality
_cKatchadourian, H.A
942 _2udc
_cBK
999 _c52238
_d52238